| 000 | nam a22 7a 4500 | ||
|---|---|---|---|
| 999 |
_c126648 _d126648 |
||
| 008 | 170811b xxu||||| |||| 00| 0 eng d | ||
| 050 | _aB5305.Q4 | ||
| 245 |
_aAfrican renaissance and Ubuntu philosophy _bSpecial Issue _cQuest |
||
| 260 |
_aGroningen _bCentre for Development _c2001 |
||
| 300 |
_a157p. ; _c24cm. |
||
| 650 |
_aPhilosophy, Africa _910541 |
||
| 650 |
_aUbuntu philosophy _934752 |
||
| 942 |
_2lcc _cMONOGRAPH |
||